Contos Maravilhosos (Registo nº 198294)

Detalhes MARC
000 -Etiqueta do registo
Valores 00765nam 22002413 4500
010 ## - Número ISBN
ISBN 972-29-0047-1
021 ## - Número do Depósito Legal
Código do país Portugal
Número 177 470/2002
100 ## - Dados gerais de processamento
Dados gerais 20251007d u||y0pory50 ba
101 ## - Língua de publicação
Língua Português
200 ## - Titulo e menção de responsabilidade
Título próprio Contos Maravilhosos
Informação de outro título Histórias do Poente e do Levante
Primeira menção de responsabilidade Hermann Hesse
Outras menções de responsabilidade Tradução de Isabel de Almeida e Sousa
205 ## - Menção da edição
Edição
210 ## - Publicação
Local de publicação Algés
Nome do editor Difel
Data de publicação 2002
215 ## - Descrição física 
Paginação / Volumes 286, [2] p.
Outras indicações físicas Brochado
Dimensões 23 cm
225 ## - Colecção 
Título próprio da colecção Literatura Estrangeira
304 ## - Nota relativa ao título
Texto de nota Tít. orig.: Die Märchen<br/>
606 ## - Nome comum usado como assunto
ID Autoridade 10276
Palavra de ordem Literatura Alemã
Subdivisão assunto Contos
675 ## - CDU
Notação 821.112.2-34/HES/CON
Edição PT
Língua por
700 ## - Autor principal (pessoa individual)
ID Autoridade 868
Apelido Hesse
Nome Hermann
Datas 1877-1962
801 ## - Fonte de origem
País PT
Agência BMMN
Regras de catalogação RPC
830 ## - Notas gerais do catalogador
Criado por Carlos Pinto
Data de criação 07-10-2025
Indexado por Carlos Pinto
990 ## - Elementos KOHA
Tipo de documento Livro
Exemplares
Situação do levantamento Biblioteca de origem Código de barras Cota Permissão de empréstimo Tipo de documento Forma de aquisição
  Escola Secundária de Montemor-o-Novo 26539 821.112.2-34/HES/CON   Livro Oferta

Powered by Koha